000 01039nam a2200253 a 4500
001 83819
003 BD-RjUL
005 20240526123427.0
008 240526s2004 bg a|||| m||| 00| 0 eng d
035 _a(BD-RjUL)83819
040 _aBD-RjUL
_beng
_cBD-RjUL
_dBD-RjUL
041 _aeng
082 _223
_a595.78
_bISG 2004
100 _aIslam, Md. Iftekher
_913170
245 1 0 _aGenetic Architecture and Evolution of High Yielding Silkworm Race, Bombyxmori L. (Lepidoptera : Bombycidae) /
_cBy Md. Iftekher Islam ;
_6Principal Supervisor : Ismat Ara Ali, Co-Supervisor : Md. Tajimul Haque
260 _aRajshahi :
_bDeaprtment of Zoology, University of Rajshahi,
_c2004
300 _aiv, 304 Leaves :
_bill, ;
_c29 cm.
502 _aThesis (Ph. D.) -- Deaprtment of Zoology, University of Rajshahi, 2004
504 _aReferences : Leaves 284-304
650 _aArthropoda
_vLepidoptera
_xYielding
_913171
700 _aAli, Ismat Ara Principal, Supervisor
_913123
700 _aHaque, Md. Tajimul, Co-Supervisor
_913172
942 _2ddc
_cTHE
999 _c83819
_d83819